[Event "Titled Tuesday intern op 12th May"]
[Site "Chess.com INT"]
[Date "2020.05.12"]
[Round "4"]
[White "Valdes Escobar, Alvaro Daniel"]
[Black "Islamov, Qaasim"]
[Result "1-0"]
[WhiteElo "2355"]
[BlackElo "2335"]
[PlyCount "79"]
[EventDate "2020.05.12"]
[EventType "swiss (blitz)"]
[EventRounds "10"]
[EventCountry "USA"]
[SourceTitle "EXT 2021"]
[Source "ChessBase"]
[SourceDate "2020.10.23"]
[SourceVersion "1"]
[SourceVersionDate "2020.10.23"]
[SourceQuality "1"]

1. c4 Nf6 2. Nc3 e6 3. e4 c5 4. e5 Ng8 5. d4 cxd4 6. Qxd4 Nc6 7. Qe4 Bb4 8. Bd2 Nge7 9. Nf3 d5 10. exd6 Qxd6 11. 0-0-0 Qc5 12. a3 Bxc3 13. Bxc3 0-0 14. Bd3 f5 15. Qe2 a6 16. Kb1 Rb8 17. Rc1 Bd7 18. Rhe1 Ng6 19. g3 Qd6 20. Red1 Qc7 21. h4 Rfe8 22. h5 Nf8 23. Ne5 Bc8 24. h6 g6 25. Nxc6 bxc6 26. Be5 Qb7 27. Bxb8 Qxb8 28. Qe5 Qb7 29. c5 Qe7 30. Be2 Nd7 31. Qd6 Qf7 32. Qxc6 Ne5 33. Qd6 Nd7 34. c6 Nf6 35. c7 Bb7 36. Bxa6 Bd5 37. c8Q Rxc8 38. Rxc8+ Ne8 39. Bb5 Be4+ 40. Ka1 1-0

[Event "Titled Tuesday intern op 5th May"]
[Site "Chess.com INT"]
[Date "2020.05.05"]
[Round "5"]
[White "Atanasov, Anthony"]
[Black "Islamov, Qaasim"]
[Result "1-0"]
[WhiteElo "2205"]
[BlackElo "2056"]
[PlyCount "49"]
[EventDate "2020.05.05"]
[EventType "swiss (blitz)"]
[EventRounds "10"]
[EventCountry "USA"]
[SourceTitle "EXT 2021"]
[Source "ChessBase"]
[SourceDate "2020.10.23"]
[SourceVersion "1"]
[SourceVersionDate "2020.10.23"]
[SourceQuality "1"]

1. d4 Nf6 2. Nf3 e6 3. Bf4 b6 4. e3 Bb7 5. Nbd2 c5 6. Nc4 cxd4 7. exd4 d5 8. Nce5 a6 9. Ng5 Ne4 10. Ngxf7 Qf6 11. Bg3 Bb4+ 12. c3 Nxc3 13. bxc3 Bxc3+ 14. Ke2 0-0 15. Rc1 Bb4 16. Rc7 Ra7 17. Ng4 Qf5 18. Ngh6+ gxh6 19. Nxh6+ Kh8 20. Nxf5 Rxf5 21. Be5+ Kg8 22. Qb3 a5 23. Qg3+ Kf8 24. Bd6+ Ke8 25. Qg8+ 1-0